000
00287nam a2200133Ia 4500
100
_a
Wilson/Gregory
942
_c
BK
654
_a
parallel
245
_a
Practical Parallel Programming
260
_b
Prentice Hall
_c
1995
082
_a
4.35
_b
WIL
300
_a
564
546
_a
ENGLISH
999
_c
21613
_d
21613